Ennahda: a party in transition
| Main Author: | |
|---|---|
| Contributors: | |
| Format: | Electronic Article |
| Language: | English |
| Check availability: | HBZ Gateway |
| Interlibrary Loan: | Interlibrary Loan for the Fachinformationsdienste (Specialized Information Services in Germany) |
| Published: |
2013
|
| In: | In: Jadaliyya (2013), Seite ), ca. 5 S |
| Further subjects: | B
Political attitude
B Transition between political systems B Ḥarakat an-Nahḍa B Party (law) B State B Innerparteiliche Willensbildung B Islam and politics B Controversy B Religious organization B Party politics B Tunisia B Party platform |
| Online Access: |
Volltext (Aggregator) |
MARC
| LEADER | 00000caa a22000002c 4500 | ||
|---|---|---|---|
| 001 | 1471363651 | ||
| 003 | DE-627 | ||
| 005 | 20250709115922.0 | ||
| 007 | cr uuu---uuuuu | ||
| 008 | 140217s2013 xx |||||o 00| ||eng c | ||
| 035 | |a (DE-627)1471363651 | ||
| 035 | |a (DE-576)401363651 | ||
| 035 | |a (DE-599)BSZ401363651 | ||
| 035 | |a (DE-615)00874541 | ||
| 040 | |a DE-627 |b ger |c DE-627 |e rakwb | ||
| 041 | |a eng | ||
| 084 | |a RG01.14 |2 fivr | ||
| 084 | |a SF03 |2 fivs | ||
| 084 | |a SG09 |2 fivs | ||
| 084 | |a 0 |2 ssgn | ||
| 100 | 1 | |a Merone, Fabio |4 aut | |
| 245 | 1 | 0 | |a Ennahda: a party in transition |c by Fabio Merone and Francesco Cavatorta |
| 264 | 1 | |c 2013 | |
| 300 | |a Online Ressource | ||
| 336 | |a Text |b txt |2 rdacontent | ||
| 337 | |a Computermedien |b c |2 rdamedia | ||
| 338 | |a Online-Ressource |b cr |2 rdacarrier | ||
| 533 | |a Online-Ausg. | ||
| 601 | |a Transit | ||
| 610 | 2 | 7 | |0 (DE-588)1049332466 |0 (DE-627)781803004 |0 (DE-576)403316499 |a Ḥarakat an-Nahḍa |2 gnd |
| 650 | 0 | 7 | |0 (DE-588)4044737-6 |0 (DE-627)106204432 |0 (DE-576)209062169 |a Partei |2 gnd |
| 650 | 0 | 7 | |0 (DE-588)1182267297 |0 (DE-627)1662604343 |a Politischer Islam |2 gnd |
| 650 | 0 | 7 | |0 (DE-588)4044764-9 |0 (DE-627)10620436X |0 (DE-576)20906224X |a Parteiprogramm |2 gnd |
| 650 | 0 | 7 | |0 (DE-588)4136757-1 |0 (DE-627)105655147 |0 (DE-576)209671858 |a Parteipolitik |2 gnd |
| 650 | 0 | 7 | |0 (DE-588)4134407-8 |0 (DE-627)104584378 |0 (DE-576)209652012 |a Innerparteiliche Willensbildung |2 gnd |
| 650 | 0 | 7 | |0 (DE-588)4128337-5 |0 (DE-627)105718076 |0 (DE-576)209601264 |a Kontroverse |2 gnd |
| 650 | 0 | 7 | |0 (DE-588)4076217-8 |0 (DE-627)106083422 |0 (DE-576)209201207 |a Politische Einstellung |2 gnd |
| 650 | 0 | 7 | |0 (DE-588)4049401-9 |0 (DE-627)106187147 |0 (DE-576)209081899 |a Religionsgemeinschaft |2 gnd |
| 650 | 0 | 7 | |0 (DE-588)4056618-3 |0 (DE-627)106154303 |0 (DE-576)209118288 |a Staat |2 gnd |
| 650 | 4 | |a Transition between political systems | |
| 651 | 7 | |0 (DE-588)4061206-5 |0 (DE-627)106136666 |0 (DE-576)209138653 |a Tunesien |2 gnd | |
| 700 | 1 | |0 (DE-588)1103165054 |0 (DE-627)86080898X |0 (DE-576)187411646 |4 oth |a Cavatorta, Francesco |d 1971- | |
| 773 | 0 | 8 | |i In |a Jadaliyya |g (2013), Seite ), ca. 5 S |
| 773 | 1 | 8 | |g year:2013 |g pages:), ca. 5 S |
| 856 | 4 | 0 | |u http://www.jadaliyya.com/pages/index/10762/ennahda_a-party-in-transition |x Aggregator |3 Volltext |7 1 |
| 935 | |a mteo | ||
| 936 | f | i | |0 (DE-627)1756133603 |a RG01.14 |b Tunesien |k Naher und Mittlerer Osten und Nordafrika |k Nordafrika |k Tunesien |2 fivr |
| 936 | f | i | |0 (DE-627)1756135770 |a SF03 |b Politische Parteien |k Staat |k Politische Parteien |2 fivs |
| 936 | f | i | |0 (DE-627)1756136092 |a SG09 |b Religion/Religionsgemeinschaften |k Gesellschaft |k Religion/Religionsgemeinschaften |2 fivs |
| 938 | 1 | 0 | |0 (DE-627)1756200300 |0 (DE-615)6600408 |a Tunesien |2 fivt |
| 938 | 1 | 0 | |0 (DE-627)175616892X |0 (DE-615)6606690 |a Politische Partei |2 fivt |
| 938 | 1 | 0 | |0 (DE-627)1756218285 |0 (DE-615)6600436 |a Politischer Islam |2 fivt |
| 938 | 1 | 0 | |0 (DE-627)781803004 |0 (DE-588)1049332466 |a Ḥarakat an-Nahḍa |2 gnd |2 fivt |
| 938 | 1 | 0 | |0 (DE-627)1756238448 |0 (DE-615)6608223 |a Parteiprogramm |2 fivt |
| 938 | 1 | 0 | |0 (DE-627)1756223203 |0 (DE-615)6607383 |a Parteipolitische Strategie |2 fivt |
| 938 | 1 | 0 | |0 (DE-627)1756238170 |0 (DE-615)6608738 |a Innerparteiliche Entwicklungen |2 fivt |
| 938 | 1 | 0 | |0 (DE-627)1756183791 |0 (DE-615)6607890 |a Innerparteilicher Richtungskampf |2 fivt |
| 938 | 1 | 0 | |0 (DE-627)1756153442 |0 (DE-615)6607074 |a Haltung von Parteien zu bestimmten Fragen |2 fivt |
| 938 | 1 | 0 | |0 (DE-627)1756192235 |0 (DE-615)6610070 |a Verhältnis Religionsgemeinschaft - Staat |2 fivt |
| 938 | 1 | 1 | |0 (DE-627)105057843 |0 (DE-588)4215345-1 |a Salafija |2 gnd |2 fiva |
| 938 | 1 | 1 | |0 (DE-627)1756215618 |0 (DE-615)6608227 |a Übergang zwischen politischen Systemen |2 fiva |
| 951 | |a AR | ||
| ELC | |a 1 | ||
| LOK | |0 000 xxxxxcx a22 zn 4500 | ||
| LOK | |0 001 4426370728 | ||
| LOK | |0 003 DE-627 | ||
| LOK | |0 004 1471363651 | ||
| LOK | |0 005 20231218173556 | ||
| LOK | |0 008 231205||||||||||||||||ger||||||| | ||
| LOK | |0 040 |a DE-Tue135 |c DE-627 |d DE-Tue135 | ||
| LOK | |0 092 |o n | ||
| LOK | |0 852 |a DE-Tue135 | ||
| LOK | |0 852 1 |9 00 | ||
| LOK | |0 935 |a fivi | ||
| LOK | |0 939 |a 05-12-23 |b l01 | ||
| ORI | |a SA-MARC-ixtheoa001.raw | ||
| REL | |a 1 | ||
| STA | 0 | 0 | |a Controversy,Islam and politics,Party (law),Party,Political party,Party platform,Platform,Party politics,Party,Political attitude,Attitude,Political orientation,Religious organization,Religious society,Religion,Denomination,State,Country,State, The, in literature,State, The, in art,Tunisia,Tunisia,Southern Tunisia |
| STB | 0 | 0 | |a Communauté religieuse,Controverse,Islam et politique,Partie (droit),Parti politique,Politique partisane,Position politique,Programme d'un parti,État,État |
| STC | 0 | 0 | |a Comunidad religiosa,Controversia,Estado,Estado,Islamismo y política,Parte (derecho),Partido,Política partidaria,Posición política,Programa de un partido |
| STD | 0 | 0 | |a Comunità religiosa,Controversia,Orientamento politico,Parte (diritto),Partito politico,Politica di partito,Programma elettorale,Stato,Stato |
| STE | 0 | 0 | |a 争论,争议,党纲,政纲,国家,宗教团体,政党,党派,政党政治,党派政治,政治立场,政治观点,政治态度 |
| STF | 0 | 0 | |a 伊斯兰教与政治,國家,宗教團體,当事人,政黨,黨派,政治立場,政治觀點,政治態度,政黨政治,黨派政治,爭論,爭議,黨綱,政綱 |
| STG | 0 | 0 | |a Comunidade religiosa,Controvérsia,Estado,Estado,Parte (direito),Partido,Política partidária,Posição política,Programa de um partido |
| STH | 0 | 0 | |a Государство (мотив),Государство,Партия,Политика партии,Политическая позиция,Политическая программа,Политический ислам,Религиозная община,Спорный вопрос |
| STI | 0 | 0 | |a Διαμάχη,Θρησκευτική κοινότητα,Κράτος (μοτίβο),Κράτος,Πολιτική στάση,Πολιτική του κόμματος,Πολιτικό κόμμα,Πρόγραμμα του κόμματος |
| SUB | |a REL | ||
| SYB | 0 | 0 | |a Ennahda,Ḥarakat al-Nahḍah,Ennahdha,Nahda-Bewegung,Nahda-Partei,Ennahdha-Bewegung,Ennahda Movement,Mouvement Ennahdha,Partido Ennahda,Hizb an-Nahda,Ḥizb an-Nahḍa,an- Nahḍa,an-Nahḍa |
| SYE | 0 | 0 | |a Politische Partei,Parteien , Partei,Programm , Partei , Partei , Richtungsstreit,Kontroversen , Einstellung,Politische Orientierung,Politische Meinung,Politische Überzeugung , Religious community,Glaubensgemeinschaft,Religiöse Vereinigung,Scientology,Sekte,Religionsgenossenschaft,Religionsgesellschaft,Religionsgemeinschaften , Land,Staatswesen,Staaten |
| SYF | 0 | 0 | |a Tūnis,al- Ǧumhūrīya at-Tūnisīya,Tunisie,République Tunisienne,Tunesische Republik,Tūnus,al- Ǧumhūrīya at-Tūnusīya,Túnez,Royaume de Tunis,al- Mamlaka at-Tūnisīya,Tunisia |



